| 000 | 00000nam##2200000za#4500 |
| 001 | 9.616694 |
| 003 | CaOODSP |
| 005 | 20211126112848 |
| 007 | ta |
| 008 | 150406|2003||||xxc||||| f|0| 0 eng|d |
| 022 | |a1192-5434 |
| 040 | |aCaOODSP|beng |
| 043 | |an-cn--- |
| 086 | 1 |aFB3-2/103-44E |
| 110 | 2 |aBank of Canada. |
| 245 | 10|aCommon trends and common cycles in Canadian sectoral output / |cby Francisco Barillas and Christoph Schleicher. |
| 260 | |bBank of Canada |c2003. |
| 300 | |av, 38p. : |bgraphs, references, tables ; |c28 cm. |
| 490 | 1 |aWorking paper|x1192-5434|v2003-44 |
| 520 | 3 |aThis working paper is part of a series that examines a range of economic and financial issues of interest to bankers, economists and policymakers. |
| 546 | |a(Résumés en français.) |
| 563 | |aSoftcover |
| 590 | |a04-02|b2004-01-09 |
| 720 | 1 |aSchleicher, Christoph |
| 720 | 1 |aBarillas, Francisco |
| 776 | 0#|tCommon trends and common cycles in Canadian sectoral output / |w(CaOODSP)9.580612 |
| 830 | #0|aWorking paper,|x1192-5434|v2003-44|w(CaOODSP)9.514622 |